Microsoft Windows Server 2003 : (Record no. 18624)

MARC details
000 -LEADER
fixed length control field 01027nam a2200277 a 4500
005 - DATE AND TIME OF LATEST TRANSACTION
control field 19900403133224.3
008 - FIXED-LENGTH DATA ELEMENTS--GENERAL INFORMATION
fixed length control field 851206s1986 flua b 001 0 eng
010 ## - LCCN (DPL NO)
LC control number ENG-91633
020 ## - INTERNATIONAL STANDARD BOOK NUMBER
International Standard Book Number 978812033871
Terms of availability 995.00
035 ## - SYSTEM CONTROL NUMBER
System control number EN-75166
037 ## - SOURCE OF ACQUISITION
Source of stock number/acquisition DBAD / PUB
040 ## - CATALOGING SOURCE
Original cataloging agency dpl
Language of cataloging English
082 ## - DEWEY DECIMAL CLASSIFICATION NUMBER
Classification number 005.44
100 ## - MAIN ENTRY--PERSONAL NAME
Personal name Russel, Charlie
245 ## - TITLE STATEMENT
Title Microsoft Windows Server 2003 :
Statement of responsibility, etc by Charlie Russel, Sharon Crawford [and] Jason Gerend
Remainder of title administrator's companion /
250 ## - EDITION STATEMENT
Edition statement 2nd ed
260 ## - PUBLICATION, DISTRIBUTION, ETC. (IMPRINT)
Place of publication, distribution, etc New Delhi
Name of publisher, distributor, etc Prentice-Hall of India
Date of publication, distribution, etc 2008
300 ## - PHYSICAL DESCRIPTION
Extent Li, 1439p.:
Other physical details ill. ;
Dimensions 24 cm. (Hb)
Accompanying material CD-ROM
500 ## - GENERAL NOTE
General note Includes glossary
650 ## - SUBJECT ADDED ENTRY--TOPICAL TERM
Topical term or geographic name as entry element Microsoft Windows server
650 ## - SUBJECT ADDED ENTRY--TOPICAL TERM
Topical term or geographic name as entry element Operating systems (Computers)
700 ## - ADDED ENTRY--PERSONAL NAME
Personal name Crawford, Sharon
700 ## - ADDED ENTRY--PERSONAL NAME
Personal name Gerend, Jason
942 ## - ADDED ENTRY ELEMENTS (KOHA)
Source of classification or shelving scheme Dewey Decimal Classification
Item type English Books
Call number suffix RUS
Classification part 005.44
Holdings
Withdrawn status Lost status Source of classification or shelving scheme Damaged status Not for loan Collection code Home library Current library Date acquired Source of acquisition Cost, normal purchase price Total Checkouts Full call number Barcode Date last seen Copy number Cost, replacement price Koha item type
    Dewey Decimal Classification   Not For Loan Non-fiction D.B.Act.Division D.B.Act.Division 18/11/2008 DBAD / PUB 995.00   005.44 RUS EN-75166 18/11/2008 1 995.00 English Books

© Delhi Public Library
Hit Counter
free hit counter